Mal de Río Cuarto.
Guardado en:
| Formato: | Libro |
|---|---|
| Idioma: | Spanish |
| Publicado: |
Pergamino :
Cargill,
1996?
|
| Etiquetas: |
Agregar Etiqueta
Sin Etiquetas, Sea el primero en etiquetar este registro!
|
| LEADER | 00351nam a22001215a 4500 | ||
|---|---|---|---|
| 001 | EEA.libagro005678 | ||
| 005 | 20161012123345.0 | ||
| 008 | 130809s1996####ag#a##########000#0#spa#d | ||
| 082 | 0 | 4 | |a 633.1598 |
| 245 | 1 | 0 | |a Mal de Río Cuarto. |
| 260 | |a Pergamino : |b Cargill, |c 1996? | ||
| 300 | |a 11 p. : |b il. ; |c 28 cm. | ||
| 859 | |a AR-BbBCA |b BIB. AGRONOMIA |h 633.1598 |i C276 |p 1997/3022 | ||
